LEADER 03538nam 2200673Ia 450 001 9910460019303321 005 20200520144314.0 010 $a1-4696-0423-X 010 $a0-8078-9841-4 035 $a(CKB)2670000000037582 035 $a(EBL)565708 035 $a(OCoLC)656846650 035 $a(SSID)ssj0000415812 035 $a(PQKBManifestationID)11304577 035 $a(PQKBTitleCode)TC0000415812 035 $a(PQKBWorkID)10416123 035 $a(PQKB)11701602 035 $a(MiAaPQ)EBC565708 035 $a(OCoLC)966766042 035 $a(MdBmJHUP)muse48400 035 $a(Au-PeEL)EBL565708 035 $a(CaPaEBR)ebr10405063 035 $a(CaONFJC)MIL930453 035 $a(EXLCZ)992670000000037582 100 $a20090928d2010 ub 0 101 0 $aeng 135 $aur|||||||nn|n 181 $ctxt 182 $cc 183 $acr 200 14$aThe devil and commodity fetishism in South America$b[electronic resource] /$fMichael T. Taussig 205 $a30th anniversary ed. /$bwith a new chapter by the author. 210 $aChapel Hill [N.C.] $cUniversity of North Carolina Press$dc2010 215 $a1 online resource (315 p.) 300 $aDescription based upon print version of record. 311 $a0-8078-7133-8 320 $aIncludes bibliographical references (p. [267]-287) and index. 327 $aContents; Preface to the Thirtieth Anniversary Edition; Preface; PART I: Fetishism: The Master Trope; 1 Fetishism and Dialectical Deconstruction; 2 The Devil and Commodity Fetishism; PART II: The Plantations of the Cauca Valley, Colombia; 3 Slave Religion and the Rise of the Free Peasantry; 4 Owners and Fences; 5 The Devil and the Cosmogenesis of Capitalism; 6 Pollution, Contradiction, and Salvation; 7 The Baptism of Money and the Secret of Capital; PART III: The Bolivian Tin Mines; 8 The Devil in the Mines; 9 The Worship of Nature; 10 The Problem of Evil 327 $a11 The Iconography of Nature and Conquest 12 The Transformation of Mining and Mining Mythology; 13 Peasant Rites of Production; 14 Mining Magic: The Mediation of Commodity Fetishism; Conclusion; The Sun Gives without Receiving: A Reinterpretation of the Devil Stories; Bibliography; Index; 330 $aIn this classic book, Michael Taussig explores the social significance of the devil in the folklore of contemporary plantation workers and miners in South America. Grounding his analysis in Marxist theory, Taussig finds that the fetishization of evil, in the image of the devil, mediates the conflict between precapitalist and capitalist modes of objectifying the human condition. He links traditional narratives of the devil-pact, in which the soul is bartered for illusory or transitory power, with the way in which production in capitalist economies causes workers to become alienated from the com 606 $aEconomic development$xSocial aspects$vCase studies 606 $aPlantations$zColombia$zCauca River Valley 606 $aTin mines and mining$zBolivia 606 $aSuperstition$vCase studies 608 $aElectronic books. 615 0$aEconomic development$xSocial aspects 615 0$aPlantations 615 0$aTin mines and mining 615 0$aSuperstition 676 $a330.98003 676 $a338.9 700 $aTaussig$b Michael T$0101224 801 0$bMiAaPQ 801 1$bMiAaPQ 801 2$bMiAaPQ 906 $aBOOK 912 $a9910460019303321 996 $aThe devil and commodity fetishism in South America$92473387 997 $aUNINA LEADER 03692nam 2200481 a 450 001 9910972947503321 005 20260320143151.0 010 0 $a0198044194 010 0 $a9780198044192 035 $a(MiAaPQ)EBC7034367 035 $a(CKB)24235101800041 035 $a(MiAaPQ)EBC3052572 035 $a(Au-PeEL)EBL3052572 035 $a(CaPaEBR)ebr10220140 035 $a(CaONFJC)MIL116244 035 $a(OCoLC)193700788 035 $a(FINmELB)ELB165006 035 $a(Au-PeEL)EBL7034367 035 $a(EXLCZ)9924235101800041 100 $a20070305d2008 uy 0 101 0 $aeng 135 $aur||||||||||| 181 $ctxt$2rdacontent 182 $cc$2rdamedia 183 $acr$2rdacarrier 200 10$aCognitive grammar $ea basic introduction /$fRonald W. Langacker 205 $a1st ed. 210 $aOxford ;$aNew York $cOxford University Press$d2008 215 $ax, 562 p. $cill 320 $aIncludes bibliographical references (p. 541-550) and index. 327 $aIntro -- Contents -- Part I: Preliminaries -- 1 Orientation -- 1.1 Grammar and Life -- 1.2 The Nature of the Beast -- 1.3 Grammar as Symbolization -- 2 Conceptual Semantics -- 2.1 Meaning and Semantic Representations -- 2.2 Conceptual Content -- 3 Construal -- 3.1 Specificity -- 3.2 Focusing -- 3.3 Prominence -- 3.4 Perspective -- 3.5 Evidence for Semantic Claims -- Part II: Fundamentals -- 4 Grammatical Classes -- 4.1 Are Conceptual Characterizations Conceivable? -- 4.2 Nouns and Verbs -- 4.3 Classes of Relational Expressions -- 5 Major Subclasses -- 5.1 Count and Mass Nouns -- 5.2 Perfective and Imperfective Verbs -- 6 Constructions: General Characterization -- 6.1 Symbolic Assemblies -- 6.2 Constructional Schemas -- 6.3 Unipolar vs. Bipolar Organization -- 7 Constructions: Descriptive Factors -- 7.1 Correspondences -- 7.2 Profile Determinance -- 7.3 Elaboration -- 7.4 Constituency -- 8 Rules and Restrictions -- 8.1 Networks and Schemas -- 8.2 Assessing Conventionality -- 8.3 Networks of Constructions -- 8.4 Regularity -- Part III: Structures -- 9 Grounding -- 9.1 Subjective and Objective Construal -- 9.2 Type vs. Instance -- 9.3 Nominal Grounding -- 9.4 Clausal Grounding -- 10 Nominal Structure -- 10.1 Structure and Function -- 10.2 Noun Modifiers -- 10.3 Classification and Quantification -- 10.4 Inflection and Agreement -- 11 Clause Structure -- 11.1 Global Organization -- 11.2 Subject and Object -- 11.3 Clause Types -- 11.4 Complex Verbs -- 12 Complex Sentences -- 12.1 Ordination: Co- and Sub- -- 12.2 Clausal Connections -- 12.3 Finite Complements -- Part IV: Frontiers -- 13 Discourse -- 13.1 The Basis of Language Structure -- 13.2 Conceptual Substrate -- 13.3 Discourse Genres -- 13.4 Structure Building -- 14 Engaging the World -- 14.1 Dynamicity -- 14.2 Fictivity -- 14.3 Simulation and Subjectification -- 14.4 Mind, Meaning, and Grammar. 327 $aReferences -- Index -- A -- B -- C -- D -- E -- F -- G -- H -- I -- J -- K -- L -- M -- N -- O -- P -- Q -- R -- S -- T -- U -- V -- W -- Z. 330 $aThis lucid and authoritative introduction to Cognitive Grammar presents the theory and its rationale in careful, systematic detail. Its application to central domains of language structure makes a compelling case that grammar is inherently meaningul. The book holds great interest for linguists, linguistics students, and professionals in related disciplines. 606 $aCognitive grammar 615 0$aCognitive grammar. 676 $a415 700 $aLangacker$b Ronald W$0191620 801 0$bMiAaPQ 801 1$bMiAaPQ 801 2$bMiAaPQ 912 $a9910972947503321 996 $aCognitive Grammar$9265395 997 $aUNINA